Sri Aurobindo on Education/ (Record no. 215826)

MARC details
000 -LEADER
fixed length control field 00551nam a22001937a 4500
005 - DATE AND TIME OF LATEST TRANSACTION
control field 20260408142432.0
010 ## - LCCN (DPL NO)
LC control number ENG-148183
020 ## - INTERNATIONAL STANDARD BOOK NUMBER
Terms of availability 250.00
035 ## - SYSTEM CONTROL NUMBER
System control number EN-131715
037 ## - SOURCE OF ACQUISITION
Source of stock number/acquisition DBAD
082 ## - DEWEY DECIMAL CLASSIFICATION NUMBER
Classification number 181.499
Edition number 1
100 ## - MAIN ENTRY--PERSONAL NAME
Personal name Das, Manoj
245 ## - TITLE STATEMENT
Title Sri Aurobindo on Education/
Statement of responsibility, etc Manoj Das
250 ## - EDITION STATEMENT
Edition statement 1
260 ## - PUBLICATION, DISTRIBUTION, ETC. (IMPRINT)
Place of publication, distribution, etc New Delhi
Name of publisher, distributor, etc National Council for Teacher Education
270 ## - ADDRESS
Address Hans Bhawan, Wing-II, 1, Bahadur Shah Zafar Marg
City New Delhi
Postal code 110002
300 ## - PHYSICAL DESCRIPTION
Extent 133p.
Dimensions 22cm(pb)
942 ## - ADDED ENTRY ELEMENTS (KOHA)
Source of classification or shelving scheme Dewey Decimal Classification
Item type English Books
Classification part 181.499
Call number suffix SRI
Holdings
Withdrawn status Lost status Not for loan Collection code Home library Current library Date acquired Source of acquisition Cost, normal purchase price Full call number Barcode Copy number Cost, replacement price Koha item type
    Not For Loan Non-fiction D.B.Act.Division D.B.Act.Division 08/04/2026 Delivery of Books Act Division 250.00 181.499 SRI EN-131715 1 250.00 English Books

© Delhi Public Library
Hit Counter
free hit counter